000 01401nam a2200337Ia 4500
001 ebr10551773
003 CaPaEBR
006 m u
007 cr cn|||||||||
008 110420s2012 ilu sb s001 0 eng d
010 _z 2011016452
020 _z0809330571
020 _z9780809330577
020 _z9780809390731
040 _aCaPaEBR
_cCaPaEBR
035 _a(OCoLC)784948015
050 1 4 _aPS663.N4
_bW45 2012eb
245 0 4 _aThe will of a people
_h[electronic resource] :
_ba critical anthology of great African American speeches /
_cedited with introductions by Richard W. Leeman and Bernard K. Duffy.
260 _aCarbondale :
_bSouthern Illinois University Press,
_cc2012.
300 _aix, 454 p.
504 _aIncludes bibliographical references and index.
533 _aElectronic reproduction.
_bPalo Alto, Calif. :
_cebrary,
_d2011.
_nAvailable via World Wide Web.
_nAccess may be limited to ebrary affiliated libraries.
650 0 _aAfrican American orators.
650 0 _aAfrican Americans
_xHistory
_vSources.
650 0 _aSpeeches, addresses, etc., American
_xAfrican American authors.
655 7 _aElectronic books.
_2local
700 1 _aDuffy, Bernard K.
700 1 _aLeeman, Richard W.
710 2 _aebrary, Inc.
856 4 0 _uhttp://site.ebrary.com/lib/rucke/Doc?id=10551773
_zAn electronic book accessible through the World Wide Web; click to view
999 _c198302
_d198302